| 000 | 00732cam a2200229ua 4500 | ||
|---|---|---|---|
| 001 | 5760 | ||
| 008 | 131025n ii |||gr||||Z||||||eng | ||
| 020 | _a81-85921-49-0 | ||
| 040 | _cMAIN | ||
| 082 | _a954.16 | ||
| 100 |
_aDeloche,Jean, _eAuthor. |
||
| 100 |
_aDeloche,Jean, _eAuthor and translator., |
||
| 245 |
_aAdventures Of Jean-Baptiste Chevalier in Eastern India (1752-1765) _cby Jean Deloche |
||
| 250 | _a1st. | ||
| 260 |
_aGuwahati: _bLBS Publications, _c2008. |
||
| 300 | _a208p. | ||
| 653 | _aSouth Asia India | ||
| 653 | _aAdventures of Jean-Baptiste Chevalier in Eastern India | ||
| 653 | _aHistory of North eastern India | ||
| 700 |
_aDutta Barua, Caroline, _eTranslator. _eTranslator. _eTranslator. |
||
| 942 | _cBK | ||
| 999 |
_c4918 _d4918 |
||